MARC details
| 000 -CABECERA |
| campo de control de longitud fija |
01561nam a22002417a 4500 |
| 008 - DATOS DE LONGITUD FIJA--INFORMACIÓN GENERAL |
| campo de control de longitud fija |
250709b |||||||| |||| 00| 0 eng d |
| 020 ## - NÚMERO INTERNACIONAL ESTÁNDAR DEL LIBRO |
| Número Internacional Estándar del Libro |
9781781612521 |
| 040 ## - FUENTE DE LA CATALOGACIÓN |
| Centro/agencia transcriptor |
tbs |
| 041 ## - CÓDIGO DE LENGUA |
| Código de lengua del texto/banda sonora o título independiente |
eng |
| 050 ## - SIGNATURA TOPOGRÁFICA DE LA BIBLIOTECA DEL CONGRESO |
| Número de clasificación |
RZ401 |
| Número de documento/Ítem |
.G65 2023 |
| 100 ## - ENTRADA PRINCIPAL--NOMBRE DE PERSONA |
| Nombre de persona |
Goldhirsh, Noah |
| 9 (RLIN) |
25701 |
| Término indicativo de función/relación |
author |
| 245 ## - MENCIÓN DE TÍTULO |
| Título |
The power of colors |
| Resto del título |
: discover the path to self-healing and personal transformation through colors |
| Mención de responsabilidad, etc. |
/ Noah Goldhirsh ; translated by Noel Canin. |
| 250 ## - MENCIÓN DE EDICIÓN |
| Mención de edición |
Second edition. |
| 260 ## - PUBLICACIÓN, DISTRIBUCIÓN, ETC. |
| Lugar de publicación, distribución, etc. |
London : |
| Nombre del editor, distribuidor, etc. |
Hammersmith Health Books, |
| Fecha de publicación, distribución, etc. |
2023. |
| 300 ## - DESCRIPCIÓN FÍSICA |
| Extensión |
344 pages : |
| Otras características físicas |
illustrations (some color) ; |
| Dimensiones |
22 cm. |
| 520 ## - SUMARIO, ETC. |
| Sumario, etc. |
A path to self-healing and personal transformation through Native American ancient wisdom.<br/><br/>Noah Goldhirsh shares the meaning of colors that surround us and how they affect us physically, psychologically and emotionally, showing how we can use their power to understand our strengths and how to maximize these to realize our full potential. With the help of the Wheel of Colors, drawn from Native American culture, she shows us how to discover which colors are best for us and how to use them to overcome our greatest challenges.<br/><br/>For this second edition, Noah Goldhirsh has included new illustrations and information in response to reader feedback, including diagnosis based on the reflection of the human body in the palms of the hands. |
| 650 #0 - PUNTO DE ACCESO ADICIONAL DE MATERIA--TÉRMINO DE MATERIA |
| Término de materia o nombre geográfico como elemento de entrada |
Color |
| Subdivisión general |
Therapeutic use |
| 9 (RLIN) |
25702 |
| 650 #0 - PUNTO DE ACCESO ADICIONAL DE MATERIA--TÉRMINO DE MATERIA |
| Término de materia o nombre geográfico como elemento de entrada |
Mental healing |
| 9 (RLIN) |
25703 |
| 650 #0 - PUNTO DE ACCESO ADICIONAL DE MATERIA--TÉRMINO DE MATERIA |
| Término de materia o nombre geográfico como elemento de entrada |
Symbolism of colors |
| 9 (RLIN) |
25704 |
| 650 #0 - PUNTO DE ACCESO ADICIONAL DE MATERIA--TÉRMINO DE MATERIA |
| Término de materia o nombre geográfico como elemento de entrada |
Shamanism |
| 9 (RLIN) |
25705 |
| 700 ## - ENTRADA AGREGADA--NOMBRE PERSONAL |
| Nombre de persona |
Canin, Noel |
| 9 (RLIN) |
25706 |
| Término indicativo de función/relación |
translator |
| 942 ## - ELEMENTOS DE ENTRADA AGREGADA (KOHA) |
| Fuente del sistema de clasificación o colocación |
Clasificación de Library of Congress |